| 000 | 01013nam a2200217 i 4500 | ||
|---|---|---|---|
| 001 | 12586 | ||
| 003 | ES-MaACL | ||
| 005 | 20230906150343.0 | ||
| 007 | t| | ||
| 008 | 931123m19911996sp |||| | spa j | ||
| 020 | _a84-87460-03-8 | ||
| 080 | _a328(460.16)"15/18" | ||
| 110 | 1 |
_aNavarra (Reino). _bCortes. _95988 |
|
| 245 | 1 | 0 |
_aActas de las Cortes de Navarra _b: (1530-1829). |
| 260 |
_aPamplona : _bServicio de Publicaciones del Parlamento de Navarra, _c1991-1996. |
||
| 300 |
_a16 v. ; _c31 cm. |
||
| 500 | _aÍndices. | ||
| 505 | 8 | _aContiene: Libro 1: 1530-1608 - Libro 2: 1611-1642 - Libro 3: 1644-1662 - Libro 4: 1677-1685 - Libro 5: 1688-1709 - Libro 6: 1716-1717 - Libro 7: 1724-1726 - Libro 8: 1743-1744 - Libro 9: 1757 - Libro 10: 1765-1766 - Libros 11 y 12: 1780-1781 (1 v.) - Libro 13: 1794 - Libro 14: 1795 - Libros 15 y 16: 1795-1801 (1 v.) - Libros 17 y 18: 1817-1818 (1 v.) - Libro 19: 1828-1829 | |
| 610 | 1 | 7 |
_aNavarra (Reino). _bCortes- _vHistoria. _9169375 |
| 852 |
_aES-MaACL _jL-19817-32 |
||
| 999 |
_c12586 _d12586 |
||